Možnosti merania spokojnosti zákazníkov vo vybranom podniku bakalárska práca

Uložené v:
Podrobná bibliografia
Hlavný autor: Gindlová, Claudia
Korporativný autor: Národohospodárska fakulta EU. Katedra financií
Ďalší autori: Jančovičová Bognárová, Kristína, 1979-
Médium: Kniha
Jazyk:Slovak
Vydavateľské údaje: Bratislava 2018
Tagy: Pridať tag
Žiadne tagy, Buďte prvý, kto otaguje tento záznam!

MARC

LEADER 00000nbm a2200000 4500
001 0245940
005 20190228085348.1
041 0 |a slo 
044 |a SK 
245 1 0 |a Možnosti merania spokojnosti zákazníkov vo vybranom podniku  |b bakalárska práca  |c Claudia Gindlová ; školiteľ: Kristína Jančovičová Bognárová 
264 1 |a Bratislava  |c 2018 
300 |a 41 s. 
100 1 |a Gindlová, Claudia 
700 1 |a Jančovičová Bognárová, Kristína, 1979- 
710 2 |a Národohospodárska fakulta EU. Katedra financií